[Event "Foxwoods Open 2008"]
[Site "Connecticut USA"]
[Date "2008.03.19"]
[Round "1"]
[White "Arkell, Keith C"]
[Black "Alvarez, Franklin"]
[Result "1-0"]
[WhiteElo "2563"]
[BlackElo "2216"]
[PlyCount "57"]
[EventDate "2008.03.19"]
[EventType "swiss"]
[EventRounds "9"]
[EventCountry "USA"]
[Source "lmi"]
[SourceDate "2008.03.19"]

1. d4 Nf6 2. Nf3 e6 3. c4 b6 4. g3 Bb7 5. Bg2 d5 6. cxd5 exd5 7. Nc3 Nbd7 8.
O-O Bb4 9. Bg5 O-O 10. Ne5 Bxc3 11. bxc3 Nxe5 12. dxe5 h6 13. Bxf6 gxf6 14.
exf6 Qxf6 15. c4 c6 16. cxd5 cxd5 17. Qa4 Rfe8 18. e3 Bc6 19. Qg4+ Kf8 20. Rac1
Rad8 21. Rfd1 Re7 22. Rd4 Bd7 23. Qd1 Be6 24. e4 Red7 25. exd5 Bxd5 26. Bxd5
Qe5 27. Qd2 Rxd5 28. Qxh6+ Kg8 29. Rg4+ 1-0

[Event "Foxwoods Open 2008"]
[Site "Connecticut USA"]
[Date "2008.03.19"]
[Round "1"]
[White "Henry, Ronald L"]
[Black "Paragua, Mark C"]
[Result "0-1"]
[WhiteElo "2201"]
[BlackElo "2489"]
[PlyCount "78"]
[EventDate "2008.03.19"]
[EventType "swiss"]
[EventRounds "9"]
[EventCountry "USA"]
[Source "lmi"]
[SourceDate "2008.03.19"]

1. d4 d5 2. c4 c6 3. Nc3 Nf6 4. Nf3 dxc4 5. a4 Bf5 6. e3 e6 7. Bxc4 Nbd7 8. O-O
Bb4 9. Ne2 O-O 10. Ng3 Bg6 11. Qe2 Bd6 12. Bd2 a5 13. Bc3 Nd5 14. e4 Nf4 15.
Qe3 Nh5 16. Ne2 Nhf6 17. Bd3 b5 18. axb5 cxb5 19. e5 Nd5 20. Qd2 b4 21. Bxg6
hxg6 22. exd6 Qb6 23. Nf4 bxc3 24. Nxd5 cxd2 25. Nxb6 Nxb6 26. Nxd2 Rfd8 27.
Ne4 f5 28. Ng5 Nc4 29. Rfc1 Nxd6 30. Nxe6 Rdb8 31. Rc7 Ne8 32. Rc2 Rb6 33. d5
Nf6 34. Rc7 Nxd5 35. Rxg7+ Kh8 36. Rxg6 Rxb2 37. Rd1 a4 38. h4 a3 39. Rh6+ Kg8
0-1

[Event "Foxwoods Open 2008"]
[Site "Connecticut USA"]
[Date "2008.03.19"]
[Round "1"]
[White "Hess, Robert L"]
[Black "Terrie, Henry L"]
[Result "1-0"]
[WhiteElo "2481"]
[BlackElo "2200"]
[PlyCount "41"]
[EventDate "2008.03.19"]
[EventType "swiss"]
[EventRounds "9"]
[EventCountry "USA"]
[Source "lmi"]
[SourceDate "2008.03.19"]

1. e4 c5 2. Nc3 e6 3. g3 Nc6 4. Bg2 Nf6 5. d3 d5 6. exd5 exd5 7. Bg5 d4 8. Nd5
Qa5+ 9. Bd2 Qd8 10. Qe2+ Be7 11. Nxf6+ gxf6 12. Nh3 Be6 13. Nf4 Qd7 14. O-O O-O
15. Rfe1 Nd8 16. Qh5 Kh8 17. Re4 f5 18. Re2 Rc8 19. c4 Bf6 20. Rae1 Rb8 21. Bd5
1-0

[Event "Foxwoods Open 2008"]
[Site "Connecticut USA"]
[Date "2008.03.19"]
[Round "1"]
[White "Harper, Warren"]
[Black "Pellows, Bennet"]
[Result "1/2-1/2"]
[WhiteElo "2347"]
[BlackElo "2151"]
[PlyCount "79"]
[EventDate "2008.03.19"]
[EventType "swiss"]
[EventRounds "9"]
[EventCountry "USA"]
[Source "lmi"]
[SourceDate "2008.03.19"]

1. e4 e6 2. d4 d5 3. Nc3 Nf6 4. Bg5 dxe4 5. Nxe4 Be7 6. Bxf6 gxf6 7. Nf3 f5 8.
Nc3 a6 9. Bc4 b5 10. Bb3 c5 11. dxc5 Qxd1+ 12. Rxd1 Bxc5 13. a4 b4 14. Ne2 Rg8
15. O-O Bb7 16. Kh1 Nd7 17. Nf4 O-O-O 18. Nd3 Bd6 19. Nfe1 Nc5 20. Nxc5 Bxc5
21. Rxd8+ Rxd8 22. Nd3 Be7 23. f3 Bd5 24. Bxd5 Rxd5 25. b3 e5 26. Re1 Bd6 27.
g4 fxg4 28. fxg4 Rd4 29. Nf2 Rf4 30. Kg2 f5 31. gxf5 Rxf5 32. Ne4 Bc7 33. Ng3
Rf4 34. Re4 Kd7 35. Rxf4 exf4 36. Ne2 f3+ 37. Kxf3 Bxh2 38. c3 bxc3 39. Nxc3
Kc6 40. b4 1/2-1/2

[Event "Foxwoods Open 2008"]
[Site "Connecticut USA"]
[Date "2008.03.19"]
[Round "1"]
[White "Liu, Elliott"]
[Black "Forget, Luc"]
[Result "1-0"]
[WhiteElo "2305"]
[BlackElo "2105"]
[PlyCount "55"]
[EventDate "2008.03.19"]
[EventType "swiss"]
[EventRounds "9"]
[EventCountry "USA"]
[Source "lmi"]
[SourceDate "2008.03.19"]

1. e4 c6 2. d4 d5 3. e5 Bf5 4. Nf3 e6 5. Be2 Nd7 6. O-O f6 7. exf6 Ngxf6 8. Bd3
Ne4 9. Bxe4 dxe4 10. Ng5 Nf6 11. f3 exf3 12. Nxf3 Bd6 13. Nbd2 Qc7 14. Nc4 O-O
15. Qe2 c5 16. c3 Rac8 17. Nxd6 Qxd6 18. dxc5 Qd3 19. Qxd3 Bxd3 20. Re1 Bf5 21.
b4 b6 22. Be3 bxc5 23. Bxc5 Rfd8 24. Nd4 Nd7 25. Bxa7 Rxc3 26. Nxf5 exf5 27.
Red1 Rcc8 28. b5 1-0

[Event "Foxwoods Open 2008"]
[Site "Connecticut USA"]
[Date "2008.03.19"]
[Round "1"]
[White "Dougherty, Michael"]
[Black "Slatin, David W"]
[Result "1-0"]
[WhiteElo "2296"]
[BlackElo "2085"]
[PlyCount "117"]
[EventDate "2008.03.19"]
[EventType "swiss"]
[EventRounds "9"]
[EventCountry "USA"]
[Source "lmi"]
[SourceDate "2008.03.19"]

1. d4 Nf6 2. Nf3 d6 3. c4 g6 4. Nc3 Nbd7 5. Bg5 Bg7 6. e4 O-O 7. Be2 e5 8. d5
h6 9. Bh4 a5 10. Nd2 Nc5 11. O-O g5 12. Bg3 Nfxe4 13. Ndxe4 Nxe4 14. Nxe4 f5
15. Nc3 f4 16. Bd3 fxg3 17. hxg3 Bd7 18. Ne4 Bf5 19. g4 Bxe4 20. Bxe4 Qb8 21.
g3 Qa7 22. Qe2 Rf6 23. Kg2 Raf8 24. f3 Qc5 25. b3 Qb4 26. Qc2 Qc5 27. a3 Ra8
28. b4 Qd4 29. Rfd1 Qe3 30. c5 axb4 31. axb4 Rxa1 32. Rxa1 Rf8 33. Rd1 Qa3 34.
Rh1 Qa7 35. Rc1 Qa3 36. Qc4 Qa7 37. Rc2 Qb8 38. Qb5 Qa8 39. Qd7 Qd8 40. Qe6+
Kh8 41. Qg6 Kg8 42. cxd6 Qxd6 43. Qh7+ Kf7 44. Bf5 c6 45. Be6+ Kf6 46. Qf5+ Ke7
47. Qg6 cxd5 48. Qxg7+ Kxe6 49. Rc7 d4 50. Qg6+ Kd5 51. Rc5+ Qxc5 52. Qe4+ Kc4
53. bxc5 Rd8 54. Kf1 Rd5 55. Qc2+ Kb5 56. Qb3+ Kxc5 57. Qxb7 d3 58. Ke1 Kd4 59.
Qb4+ 1-0

[Event "Foxwoods Open 2008"]
[Site "Connecticut USA"]
[Date "2008.03.19"]
[Round "1"]
[White "Mason, Mike W"]
[Black "Cherniack, Alex"]
[Result "0-1"]
[WhiteElo "1986"]
[BlackElo "2285"]
[PlyCount "52"]
[EventDate "2008.03.19"]
[EventType "swiss"]
[EventRounds "9"]
[EventCountry "USA"]
[Source "lmi"]
[SourceDate "2008.03.19"]

1. d4 e6 2. g3 Nf6 3. Bg2 d5 4. Nf3 c5 5. O-O Nc6 6. c4 dxc4 7. Na3 cxd4 8.
Nxc4 Bc5 9. Nfe5 Bd7 10. Qb3 O-O 11. Qb5 Nxe5 12. Qxc5 Nxc4 13. Qxc4 e5 14. e3
Be6 15. Qd3 Bd5 16. Bxd5 Qxd5 17. exd4 exd4 18. Rd1 Rfd8 19. b3 Rd7 20. Bb2
Rad8 21. Rac1 h6 22. Rc4 Qh5 23. f3 Nh7 24. Rxd4 Rxd4 25. Bxd4 Ng5 26. Kg2 Rxd4
0-1

[Event "Foxwoods Open 2008"]
[Site "Connecticut USA"]
[Date "2008.03.19"]
[Round "1"]
[White "Formanek, Edward W"]
[Black "Liu, Jennie S"]
[Result "1-0"]
[WhiteElo "2283"]
[BlackElo "1973"]
[PlyCount "77"]
[EventDate "2008.03.19"]
[EventType "swiss"]
[EventRounds "9"]
[EventCountry "USA"]
[Source "lmi"]
[SourceDate "2008.03.19"]

1. e4 c5 2. Nf3 e6 3. c3 Nf6 4. e5 Nd5 5. d4 cxd4 6. cxd4 a6 7. Nc3 Qc7 8. Nxd5
exd5 9. Bd3 d6 10. O-O Be7 11. Bf4 Nc6 12. Rc1 Bg4 13. h3 Bh5 14. exd6 Bxd6 15.
Re1+ Kd8 16. Bxd6 Qxd6 17. Be2 f6 18. Qb3 Na5 19. Qa4 Nc6 20. Rc5 Bf7 21. Rec1
Kd7 22. Ne1 Rhd8 23. Qb3 Rab8 24. Qe3 Qe7 25. Bxa6 Qxe3 26. fxe3 Nxd4 27. Rc7+
Ke8 28. exd4 bxa6 29. Nd3 Rd7 30. b3 Kd8 31. R7c6 Ra7 32. R1c5 Rb5 33. Rc8+ Kd7
34. R5c6 Be6 35. Nc5+ Rxc5 36. Rxc5 Bf5 37. Rb8 Kd6 38. Rb6+ Ke7 39. Kf2 1-0

[Event "Foxwoods Open 2008"]
[Site "Connecticut USA"]
[Date "2008.03.19"]
[Round "1"]
[White "Sells, Philip G"]
[Black "Salimbagat, Rico"]
[Result "1-0"]
[WhiteElo "1955"]
[BlackElo "2274"]
[PlyCount "41"]
[EventDate "2008.03.19"]
[EventType "swiss"]
[EventRounds "9"]
[EventCountry "USA"]
[Source "lmi"]
[SourceDate "2008.03.19"]

1. e4 e5 2. Nf3 Nc6 3. d4 exd4 4. Nxd4 Qh4 5. Nc3 Bb4 6. Be2 Qxe4 7. Ndb5 Bxc3+
8. bxc3 Kd8 9. O-O a6 10. Bf3 Qc4 11. Nd6 cxd6 12. Qxd6 Nge7 13. Bf4 h5 14.
Rae1 Rh6 15. Qc7+ Ke8 16. Bxh6 gxh6 17. Qd6 Kd8 18. Bxc6 Nxc6 19. Re3 f5 20.
Rfe1 Qf7 21. Re6 1-0

[Event "Foxwoods Open 2008"]
[Site "Connecticut USA"]
[Date "2008.03.19"]
[Round "1"]
[White "Yagiz, Bora"]
[Black "Tan, Oscar L"]
[Result "0-1"]
[WhiteElo "1917"]
[BlackElo "2273"]
[PlyCount "60"]
[EventDate "2008.03.19"]
[EventType "swiss"]
[EventRounds "9"]
[EventCountry "USA"]
[Source "lmi"]
[SourceDate "2008.03.19"]

1. e4 e5 2. Nf3 Nf6 3. d4 Nxe4 4. Bd3 d5 5. Nxe5 Nd7 6. Nxd7 Bxd7 7. O-O Be7 8.
c4 Nf6 9. Nc3 dxc4 10. Bxc4 O-O 11. Bf4 c6 12. Re1 Bg4 13. Qd2 Re8 14. h3 Bh5
15. Re5 Bd6 16. Rg5 Bg6 17. Rd1 b5 18. Bb3 b4 19. Rxg6 hxg6 20. Na4 Bxf4 21.
Qxf4 Re4 22. Qg3 Rxd4 23. Rxd4 Qxd4 24. Qxg6 Rf8 25. Qf5 Re8 26. Nc5 Re5 27.
Qc8+ Kh7 28. Bc2+ g6 29. Qf8 Re1+ 30. Kh2 Qf4+ 0-1

[Event "Foxwoods Open 2008"]
[Site "Connecticut USA"]
[Date "2008.03.20"]
[Round "2"]
[White "Boor, Carl Brando"]
[Black "Sadvakasov, Darmen"]
[Result "0-1"]
[WhiteElo "2337"]
[BlackElo "2617"]
[PlyCount "158"]
[EventDate "2008.03.19"]
[EventType "swiss"]
[EventRounds "9"]
[EventCountry "USA"]
[Source "lmi"]
[SourceDate "2008.03.19"]

1. Nf3 d5 2. d4 Nf6 3. c4 dxc4 4. Qa4+ Nbd7 5. Qxc4 e6 6. g3 a6 7. Bg2 b5 8.
Qc6 Ra7 9. O-O Bb7 10. Qc2 c5 11. dxc5 Bxc5 12. b3 O-O 13. Bb2 Qb6 14. e3 Raa8
15. Qe2 Rac8 16. Nbd2 Bb4 17. Rac1 Rfd8 18. a3 Be7 19. Rfd1 h6 20. Bd4 Qd6 21.
b4 Qb8 22. Nb3 Bd5 23. Nfd2 Bxg2 24. Kxg2 Rxc1 25. Rxc1 Rc8 26. Rxc8+ Qxc8 27.
Qf3 Nd5 28. e4 N5b6 29. Qc3 Qxc3 30. Bxc3 Na4 31. Bd4 e5 32. Ba1 Bd8 33. f3 Kf8
34. Kf1 Ke7 35. Ke2 Kd6 36. Kd3 Bb6 37. f4 g6 38. Nf3 exf4 39. gxf4 Ke7 40. Ne5
Nxe5+ 41. Bxe5 Bg1 42. f5 h5 43. h3 Nb6 44. Na5 g5 45. Ke2 g4 46. hxg4 hxg4 47.
Nc6+ Ke8 48. Bb2 Nc4 49. Bc1 Bh2 50. Nd4 Ke7 51. Nc6+ Kd7 52. Nd4 Kd6 53. Kd3
Ne5+ 54. Ke2 Nc4 55. Kd3 Bg3 56. Ne2 Bf2 57. Bf4+ Kd7 58. e5 Nxa3 59. Ke4 Nc4
60. Bg3 Bxg3 61. Nxg3 a5 62. bxa5 Nxa5 63. Kd5 b4 64. e6+ Ke7 65. Ke5 Nc4+ 66.
Kd4 b3 67. Kc3 b2 68. Kc2 fxe6 69. fxe6 Kxe6 70. Ne2 Ke5 71. Ng3 Kf4 72. Nh5+
Kf3 73. Kb1 g3 74. Nxg3 Kxg3 75. Kc2 Kf3 76. Kb1 Ke3 77. Kc2 Kd4 78. Kb1 Kc3
79. Ka2 Nd2 0-1

[Event "Foxwoods Open 2008"]
[Site "Connecticut USA"]
[Date "2008.03.20"]
[Round "2"]
[White "Perelshteyn, Eugene"]
[Black "Liu, Elliott"]
[Result "1-0"]
[WhiteElo "2615"]
[BlackElo "2305"]
[PlyCount "69"]
[EventDate "2008.03.19"]
[EventType "swiss"]
[EventRounds "9"]
[EventCountry "USA"]
[Source "lmi"]
[SourceDate "2008.03.19"]

1. d4 g6 2. e4 Bg7 3. Nf3 d6 4. Nc3 a6 5. a4 b6 6. Bg5 h6 7. Be3 e6 8. Bd3 Ne7
9. Qd2 Nd7 10. O-O Bb7 11. Rfe1 g5 12. h3 Ng6 13. Ne2 Nf6 14. Ng3 Nh4 15. Nh2
d5 16. e5 Ne4 17. Bxe4 dxe4 18. Nh5 O-O 19. Ng4 Ng6 20. Ngf6+ Bxf6 21. Nxf6+
Kg7 22. g3 Rh8 23. Qe2 c5 24. c3 Rc8 25. Qg4 Kf8 26. Rad1 Qc7 27. b4 Qc6 28. a5
c4 29. axb6 Rd8 30. Qh5 Kg7 31. h4 Qxb6 32. hxg5 hxg5 33. Qxg5 Qc7 34. Kg2 Qe7
35. Rh1 1-0

[Event "Foxwoods Open 2008"]
[Site "Connecticut USA"]
[Date "2008.03.20"]
[Round "2"]
[White "Parry, Matt J"]
[Black "Arkell, Keith C"]
[Result "0-1"]
[WhiteElo "2316"]
[BlackElo "2563"]
[PlyCount "92"]
[EventDate "2008.03.19"]
[EventType "swiss"]
[EventRounds "9"]
[EventCountry "USA"]
[Source "lmi"]
[SourceDate "2008.03.19"]

1. e4 c6 2. d4 d5 3. e5 c5 4. dxc5 e6 5. Nf3 Bxc5 6. Bd3 Nc6 7. O-O Nge7 8. Bf4
Ng6 9. Bg3 O-O 10. h4 f6 11. Bxg6 hxg6 12. Qd3 fxe5 13. Qxg6 Qf6 14. Qxf6 gxf6
15. Nbd2 e4 16. Nb3 Bb6 17. Nfd2 e5 18. Kh1 Be6 19. c3 a5 20. Rae1 Ne7 21. Na1
Nf5 22. Nc2 Rac8 23. Kh2 Nxg3 24. Kxg3 f5 25. Kh2 d4 26. g4 dxc3 27. bxc3 Rxc3
28. Ne3 Bxe3 29. Rxe3 Rxe3 30. fxe3 fxg4 31. Rxf8+ Kxf8 32. a3 b5 33. Nxe4 b4
34. axb4 axb4 35. Nc5 b3 36. Nd3 Kg7 37. Kg3 Bf5 38. Nb2 Kf6 39. Nd1 Be6 40.
Nb2 Kf5 41. Nd3 Ke4 42. Nb2 Kxe3 43. h5 Bf5 44. h6 e4 45. Nc4+ Kd4 46. Kf4 Bh7
0-1

[Event "Foxwoods Open 2008"]
[Site "Connecticut USA"]
[Date "2008.03.20"]
[Round "2"]
[White "Lenderman, Alex"]
[Black "Dougherty, Michael"]
[Result "1-0"]
[WhiteElo "2536"]
[BlackElo "2296"]
[PlyCount "55"]
[EventDate "2008.03.19"]
[EventType "swiss"]
[EventRounds "9"]
[EventCountry "USA"]
[Source "lmi"]
[SourceDate "2008.03.19"]

1. e4 c5 2. d4 cxd4 3. c3 dxc3 4. Nxc3 Nc6 5. Nf3 d6 6. Bc4 e6 7. Qe2 a6 8. Be3
Be7 9. O-O Nf6 10. Rfd1 Qc7 11. Rac1 Ng4 12. Bf4 O-O 13. Bb3 Nge5 14. Nd4 Bf6
15. Be3 Qe7 16. f4 Nd7 17. Qd2 Na5 18. Nf3 Nxb3 19. axb3 Bxc3 20. Qxc3 Nf6 21.
Qd3 Ne8 22. e5 Bd7 23. exd6 Qf6 24. Ne5 Bb5 25. Qc2 Qf5 26. Qxf5 exf5 27. d7 f6
28. Nf3 1-0

[Event "Foxwoods Open 2008"]
[Site "Connecticut USA"]
[Date "2008.03.20"]
[Round "2"]
[White "Cherniack, Alex"]
[Black "Ippolito, Dean J"]
[Result "0-1"]
[WhiteElo "2285"]
[BlackElo "2495"]
[PlyCount "150"]
[EventDate "2008.03.19"]
[EventType "swiss"]
[EventRounds "9"]
[EventCountry "USA"]
[Source "lmi"]
[SourceDate "2008.03.19"]

1. d4 Nf6 2. c4 e6 3. Nc3 Bb4 4. Qc2 c5 5. dxc5 Na6 6. a3 Bxc3+ 7. Qxc3 Nxc5 8.
b4 Nce4 9. Qb2 d5 10. e3 O-O 11. f3 Nd6 12. c5 Nc4 13. Bxc4 dxc4 14. Ne2 b6 15.
c6 b5 16. Qe5 Nd5 17. e4 f6 18. Qd4 Ne7 19. Qc5 a6 20. Ra2 Qc7 21. Rd2 Nxc6 22.
Rd6 Bd7 23. Nd4 Rfc8 24. Nxc6 Bxc6 25. Rxe6 Bd7 26. Qxc7 Rxc7 27. Rb6 a5 28.
bxa5 Rxa5 29. Ke2 f5 30. Ke3 c3 31. Rd1 c2 32. Rd3 fxe4 33. fxe4 h6 34. h3 Ra4
35. Rbd6 Be8 36. R6d4 Ra6 37. Kd2 Bg6 38. Re3 Re6 39. g4 Rf6 40. h4 Rf1 41. Re1
Rf2+ 42. Re2 Rf1 43. Re1 Rxe1 44. Kxe1 Re7 45. Kd2 Bxe4 46. a4 bxa4 47. Rxa4
Rd7+ 48. Kc3 Bg6 49. Rf4 Rd1 50. Kb2 Rh1 51. h5 Bh7 52. Rc4 Bd3 53. Rc3 Rd1 54.
Rc8+ Kh7 55. Rc5 Rh1 56. Re5 Rh2 57. Re3 Be2 58. g5 hxg5 59. Kxc2 Bxh5+ 60. Kd3
Bg6+ 61. Kd4 g4 62. Rg3 Bf5 63. Bf4 Ra2 64. Rc3 Kg6 65. Bg3 Kh5 66. Rb3 Rg2 67.
Ke5 Bc2 68. Re3 Bd1 69. Kf4 g5+ 70. Kf5 Rg1 71. Ke5 Bf3 72. Kf6 Rf1 73. Kg7 Bd5
74. Re2 Rf7+ 75. Kh8 Kg6 0-1

[Event "Foxwoods Open 2008"]
[Site "Connecticut USA"]
[Date "2008.03.20"]
[Round "2"]
[White "Paragua, Mark C"]
[Black "Acor, Corey"]
[Result "1-0"]
[WhiteElo "2489"]
[BlackElo "2283"]
[PlyCount "87"]
[EventDate "2008.03.19"]
[EventType "swiss"]
[EventRounds "9"]
[EventCountry "USA"]
[Source "lmi"]
[SourceDate "2008.03.19"]

1. e4 e5 2. Nf3 Nc6 3. Bb5 a6 4. Ba4 Nf6 5. O-O Nxe4 6. d4 b5 7. Bb3 d5 8. dxe5
Be6 9. c3 Bc5 10. Nbd2 O-O 11. Bc2 Nxf2 12. Rxf2 f6 13. exf6 Qxf6 14. Nb3 Bxf2+
15. Kxf2 Ne5 16. Kg1 c6 17. Be3 Bg4 18. Nbd2 Rae8 19. Bc5 Rf7 20. a4 Qh6 21.
axb5 axb5 22. Kh1 Nd7 23. Bg1 Qh5 24. Qf1 Nf6 25. Re1 Rfe7 26. Rxe7 Rxe7 27. h3
Bf5 28. Bd1 Qe8 29. Bc5 Re6 30. Qf2 Ne4 31. Nxe4 Bxe4 32. Qg3 h6 33. Qc7 Kh7
34. b4 Rg6 35. Bd4 Qe6 36. Be5 Qf5 37. Kh2 Qf8 38. Bg3 Qf6 39. Qe5 Qf7 40. Nd4
Rg5 41. Qe6 Qa7 42. Bg4 Qa1 43. Qf7 Qb2 44. Nf3 1-0

[Event "Foxwoods Open 2008"]
[Site "Connecticut USA"]
[Date "2008.03.20"]
[Round "2"]
[White "Tan, Oscar L"]
[Black "Hess, Robert L"]
[Result "0-1"]
[WhiteElo "2273"]
[BlackElo "2481"]
[PlyCount "104"]
[EventDate "2008.03.19"]
[EventType "swiss"]
[EventRounds "9"]
[EventCountry "USA"]
[Source "lmi"]
[SourceDate "2008.03.19"]

1. e4 e5 2. Nc3 Nf6 3. Bc4 Nxe4 4. Qh5 Nd6 5. Bb3 Be7 6. Qxe5 O-O 7. Nge2 Nc6
8. Qh5 Ne8 9. d4 Nf6 10. Qf3 Na5 11. O-O Nxb3 12. axb3 d5 13. h3 c6 14. Ng3 Ne8
15. Bf4 Nc7 16. Rad1 Ne6 17. Nf5 Bf6 18. Be5 Bxe5 19. dxe5 f6 20. Qg3 fxe5 21.
Nh6+ Kh8 22. Qxe5 Qh4 23. Ng4 Bd7 24. Qg3 Qxg3 25. fxg3 Rxf1+ 26. Rxf1 Nd4 27.
Ne3 Re8 28. Ncd1 Kg8 29. b4 Re4 30. c3 Ne2+ 31. Kf2 Nc1 32. Kf3 Nb3 33. Rf2 Re8
34. g4 d4 35. cxd4 Nxd4+ 36. Kg3 Re4 37. Rd2 Be6 38. Kf2 Nb5 39. Rd8+ Kf7 40.
Rb8 Nd6 41. b5 cxb5 42. Rd8 Rd4 43. Kf3 Rd2 44. g5 b4 45. g4 Ke7 46. Rh8 Nf7
47. Rb8 Nd8 48. h4 Kd7 49. Kf4 Bb3 50. Nf5 Bxd1 51. g6 hxg6 52. Nxg7 Rxb2 0-1

[Event "Foxwoods Open 2008"]
[Site "Connecticut USA"]
[Date "2008.03.20"]
[Round "2"]
[White "Vigorito, David"]
[Black "Formanek, Edward"]
[Result "1/2-1/2"]
[WhiteElo "2479"]
[BlackElo "2274"]
[PlyCount "114"]
[EventDate "2008.03.19"]
[EventType "swiss"]
[EventRounds "9"]
[EventCountry "USA"]
[Source "lmi"]
[SourceDate "2008.03.19"]

1. d4 f5 2. g3 Nf6 3. Bg2 g6 4. Nf3 Bg7 5. O-O O-O 6. c4 d6 7. Nc3 Nc6 8. d5
Na5 9. Qd3 c5 10. dxc6 Nxc6 11. Rd1 Kh8 12. Rb1 Be6 13. b3 Bg8 14. Bb2 Qa5 15.
a3 Rac8 16. Nd5 Qd8 17. Nxf6 Bxf6 18. Bxf6+ Rxf6 19. Rbc1 b6 20. e4 fxe4 21.
Qxe4 Qd7 22. Qe3 Qf5 23. Ng5 Qe5 24. Ne4 Rff8 25. f4 Qg7 26. Rd2 Na5 27. Bh3
Rc7 28. Rdc2 h6 29. Nd2 g5 30. fxg5 Qxg5 31. Qxg5 hxg5 32. Rc3 Kg7 33. b4 Nc6
34. Nf3 Kg6 35. Re1 a5 36. b5 Na7 37. Re4 Nxb5 38. Rce3 Rxc4 39. Rxc4 Bxc4 40.
Nd2 Bd5 41. Bf1 Nd4 42. Rxe7 Rf7 43. Re3 Nf3+ 44. Nxf3 Rxf3 45. Rxf3 Bxf3 46.
Bb5 Kf5 47. Kf2 Bh5 48. Ke3 Ke5 49. Bc6 d5 50. h3 Bg6 51. h4 gxh4 52. gxh4 d4+
53. Kd2 Kf4 54. Bd7 Be4 55. Be8 Bf5 56. h5 Kg5 57. Bg6 b5 1/2-1/2

[Event "Foxwoods Open 2008"]
[Site "Connecticut USA"]
[Date "2008.03.20"]
[Round "2"]
[White "Kaufman, Raymond S"]
[Black "Sells, Philip G"]
[Result "1-0"]
[WhiteElo "2369"]
[BlackElo "1955"]
[PlyCount "89"]
[EventDate "2008.03.19"]
[EventType "swiss"]
[EventRounds "9"]
[EventCountry "USA"]
[Source "lmi"]
[SourceDate "2008.03.19"]

1. d4 Nf6 2. Nf3 e6 3. c4 b6 4. a3 Bb7 5. Nc3 Be7 6. d5 d6 7. e4 O-O 8. Be2 c6
9. O-O Na6 10. Nd4 cxd5 11. exd5 Nc7 12. Bf3 Kh8 13. Re1 e5 14. Nc6 Qd7 15. a4
h6 16. a5 Nh7 17. Qb3 Na6 18. axb6 Nc5 19. Qc2 axb6 20. Rxa8 Rxa8 21. b4 Na6
22. Be3 Bd8 23. Ra1 Ng5 24. Be2 Bc7 25. h4 Nh7 26. Ra4 f5 27. Qa2 Rf8 28. Rxa6
Bxa6 29. Qxa6 f4 30. Bxb6 Bxb6 31. Qxb6 Nf6 32. Nb5 e4 33. Qc7 Qxc7 34. Nxc7
Nd7 35. Ne6 Rf6 36. h5 Kg8 37. Ne7+ Kf7 38. Nc8 f3 39. gxf3 exf3 40. Nxd6+ Ke7
41. Nc8+ Ke8 42. Bf1 g6 43. Nd6+ Ke7 44. Ne4 Rf5 45. hxg6 1-0

[Event "Foxwoods Open 2008"]
[Site "Connecticut USA"]
[Date "2008.03.20"]
[Round "2"]
[White "Friedman, Josef I"]
[Black "Moroney, Timothy M"]
[Result "1-0"]
[WhiteElo "2208"]
[BlackElo "2018"]
[PlyCount "61"]
[EventDate "2008.03.19"]
[EventType "swiss"]
[EventRounds "9"]
[EventCountry "USA"]
[Source "lmi"]
[SourceDate "2008.03.19"]

1. Nf3 Nf6 2. c4 c5 3. g3 b6 4. Bg2 Bb7 5. O-O e6 6. Nc3 Be7 7. b3 O-O 8. Bb2
d6 9. d3 a6 10. Rc1 Qc7 11. e3 Nbd7 12. Qe2 Rac8 13. e4 Nb8 14. Ne1 Nc6 15. Nc2
Rfe8 16. f4 Bf8 17. g4 g6 18. Nd1 Bg7 19. g5 Nd7 20. Bxg7 Kxg7 21. Nde3 Ne7 22.
Qg4 h5 23. gxh6+ Kxh6 24. f5 exf5 25. exf5 g5 26. Bxb7 Qxb7 27. f6 Ng8 28. Nf5+
Kg6 29. Nxd6 Qc6 30. Qf5+ Kh5 31. Rf3 1-0

[Event "Foxwoods Open 2008"]
[Site "Connecticut USA"]
[Date "2008.03.20"]
[Round "2"]
[White "Zhang, Vincent"]
[Black "Hanken, Jerry"]
[Result "1/2-1/2"]
[WhiteElo "1913"]
[BlackElo "2200"]
[PlyCount "65"]
[EventDate "2008.03.19"]
[EventType "swiss"]
[EventRounds "9"]
[EventCountry "USA"]
[Source "lmi"]
[SourceDate "2008.03.19"]

1. d4 g6 2. e4 Bg7 3. Nf3 c6 4. Bd3 d5 5. e5 Bg4 6. Nbd2 e6 7. O-O Ne7 8. h3 h5
9. hxg4 hxg4 10. Nh2 Nf5 11. Qxg4 Rh4 12. Bxf5 Rxg4 13. Bxg4 c5 14. c3 Nc6 15.
Nb3 cxd4 16. cxd4 a5 17. Be3 Bf8 18. Nf3 a4 19. Nc5 Bxc5 20. dxc5 Qc7 21. Bf4
Ra5 22. a3 Rxc5 23. Rac1 Na5 24. Rxc5 Qxc5 25. Rc1 Nc4 26. Be3 Qb5 27. Bd4 Qb3
28. Ne1 Qa2 29. Kh2 Nxb2 30. Rc2 Qb1 31. Rxb2 Qxe1 32. Rb4 b5 33. Rxb5 1/2-1/2

[Event "Foxwoods Open 2008"]
[Site "Connecticut USA"]
[Date "2008.03.20"]
[Round "3"]
[White "Hess, Robert L"]
[Black "Ivanov, Alexander"]
[Result "1-0"]
[WhiteElo "2481"]
[BlackElo "2622"]
[PlyCount "61"]
[EventDate "2008.03.19"]
[EventType "swiss"]
[EventRounds "9"]
[EventCountry "USA"]
[Source "lmi"]
[SourceDate "2008.03.19"]

1. e4 g6 2. d4 Bg7 3. Nc3 c6 4. h4 d5 5. e5 f6 6. f4 h5 7. Bd3 Kf7 8. Qe2 Nh6
9. Be3 Bg4 10. Nf3 Nf5 11. Qf2 Nd7 12. Bd2 Bxf3 13. gxf3 Qb6 14. Na4 Qc7 15.
Rg1 e6 16. O-O-O Rag8 17. Rg2 Bf8 18. Rdg1 Be7 19. Nc3 Qd8 20. Ne4 dxe4 21.
fxe4 Nh6 22. f5 Ng4 23. fxe6+ Kg7 24. Rxg4 hxg4 25. Rxg4 Nf8 26. exf6+ Bxf6 27.
e5 Rh5 28. exf6+ Qxf6 29. Rf4 Qxe6 30. d5 Qxd5 31. Rf7+ 1-0

[Event "Foxwoods Open 2008"]
[Site "Connecticut USA"]
[Date "2008.03.20"]
[Round "3"]
[White "Rentala, Nagendra"]
[Black "Lenderman, Alex"]
[Result "0-1"]
[WhiteElo "2369"]
[BlackElo "2536"]
[PlyCount "60"]
[EventDate "2008.03.19"]
[EventType "swiss"]
[EventRounds "9"]
[EventCountry "USA"]
[Source "lmi"]
[SourceDate "2008.03.19"]

1. e4 e5 2. Nf3 Nc6 3. Bb5 Bc5 4. O-O Qf6 5. c3 Nge7 6. d4 exd4 7. Bxc6 dxc6 8.
cxd4 Bb6 9. Be3 Ng6 10. Bg5 Qd6 11. Nbd2 Be6 12. Be3 O-O 13. b3 f5 14. exf5
Rxf5 15. Ne4 Qd7 16. Nfg5 Bd5 17. Qh5 Nf8 18. Ng3 Rf6 19. N5e4 Rg6 20. Rfd1 Re8
21. Nc5 Bxc5 22. dxc5 Qf7 23. Qh4 Rf6 24. Rd2 Ng6 25. Qa4 h6 26. Qxa7 Nh4 27.
Rad1 Nxg2 28. Rxd5 cxd5 29. Kxg2 Rxe3 30. fxe3 Rf2+ 0-1

[Event "Foxwoods Open 2008"]
[Site "Connecticut USA"]
[Date "2008.03.20"]
[Round "3"]
[White "Shibut, Macon A"]
[Black "Vigorito, David"]
[Result "1-0"]
[WhiteElo "2271"]
[BlackElo "2479"]
[PlyCount "49"]
[EventDate "2008.03.19"]
[EventType "swiss"]
[EventRounds "9"]
[EventCountry "USA"]
[Source "lmi"]
[SourceDate "2008.03.19"]

1. e4 c6 2. Nc3 d5 3. d4 dxe4 4. Nxe4 Bf5 5. Ng3 Bg6 6. N1e2 e6 7. Nf4 Bd6 8.
h4 Bxf4 9. Bxf4 h6 10. c3 Nf6 11. Bd3 Bxd3 12. Qxd3 O-O 13. O-O-O Re8 14. Kb1
Nbd7 15. Ne4 Nxe4 16. Qxe4 Qa5 17. g4 Qd5 18. Qc2 Qf3 19. Bc1 e5 20. Rhg1 exd4
21. Rxd4 Ne5 22. Rg3 Qh1 23. h5 Rad8 24. Re3 Nf3 25. Qe2 1-0